[Event "Szombathely op-B"]
[Site "Szombathely"]
[Date "2010.07.31"]
[Round "7"]
[White "Toth, Attila"]
[Black "Makk, Norbert"]
[Result "1/2-1/2"]
[WhiteElo "1899"]
[BlackElo "1914"]
[PlyCount "56"]
[EventDate "2010.07.28"]
[EventType "swiss"]
[EventRounds "9"]
[EventCountry "HUN"]
[SourceTitle "EXT 2012"]
[Source "ChessBase"]
[SourceDate "2011.11.24"]
[SourceVersion "1"]
[SourceVersionDate "2011.11.24"]
[SourceQuality "1"]

1. e4 e5 2. Nf3 Nc6 3. Bc4 Bc5 4. c3 Nf6 5. d4 exd4 6. e5 d5 7. Bb5 Ne4 8. cxd4 Bb6 9. Bxc6+ bxc6 10. Qc2 c5 11. Nbd2 Nxd2 12. Bxd2 cxd4 13. Qc6+ Bd7 14. Qxd5 c5 15. Bg5 Qc8 16. Qd6 Bd8 17. Bxd8 Qxd8 18. Qxc5 d3 19. 0-0 Qb6 20. Qd5 Rd8 21. Qxd3 Bb5 22. Qa3 Bxf1 23. Rxf1 Qc7 24. Re1 Qe7 25. Qa4+ Qd7 26. Qb4 Qe7 27. Qb5+ Qd7 28. Qc5 Qe7 1/2-1/2

[Event "HUN-chT2 Szechenyi 0809"]
[Site "Hungary"]
[Date "2009.01.11"]
[Round "5.10"]
[White "Kovesi, Attila"]
[Black "Toth, Attila"]
[Result "0-1"]
[WhiteElo "1783"]
[BlackElo "1912"]
[PlyCount "104"]
[EventDate "2008.10.26"]
[EventType "team-tourn"]
[EventRounds "11"]
[EventCountry "HUN"]
[SourceTitle "EXT 2010"]
[Source "ChessBase"]
[SourceDate "2010.11.25"]
[SourceVersion "1"]
[SourceVersionDate "2010.11.25"]
[SourceQuality "1"]
[WhiteTeam "Kervaros"]
[BlackTeam "Haladas"]
[WhiteTeamCountry "HUN"]
[BlackTeamCountry "HUN"]

1. e4 e5 2. Nf3 Nc6 3. Bc4 Bc5 4. c3 Nf6 5. d4 exd4 6. e5 d5 7. Bd3 Ne4 8. cxd4 Bb6 9. Nc3 0-0 10. Be3 Bg4 11. Nxe4 dxe4 12. Bxe4 Nxd4 13. Bxd4 Bxf3 14. Qxf3 Qxd4 15. 0-0 Qxb2 16. Bxb7 Rae8 17. Bd5 Rxe5 18. Bb3 Qe2 19. Qxe2 Rxe2 20. Rad1 Rfe8 21. Rd7 Rxf2 22. Rfd1 Rd2+ 23. Kf1 Rxd1+ 24. Bxd1 f6 25. Bb3+ Kh8 26. Bf7 Rf8 27. Re7 h6 28. Bg6 Rd8 29. Re8+ Rxe8 30. Bxe8 Kh7 31. Bf7 g6 32. g4 Kg7 33. Be6 h5 34. h3 hxg4 35. hxg4 Kh6 36. Kg2 Kg5 37. Kf3 f5 38. gxf5 gxf5 39. Bd5 a5 40. Bc6 Bd4 41. a4 f4 42. Ke2 Kf5 43. Kd3 Ke5 44. Kc4 Bb6 45. Bb7 Kf5 46. Kd3 Kg4 47. Ke2 Kg3 48. Bc6 Bc5 49. Bd5 Ba3 50. Bc6 Bb4 51. Bb7 c5 52. Bd5 Ba3 0-1

[Event "HUN-chT2 Szechenyi 0809"]
[Site "Hungary"]
[Date "2008.12.21"]
[Round "4.10"]
[White "Toth, Attila"]
[Black "Egresi, Mate"]
[Result "0-1"]
[WhiteElo "1912"]
[BlackElo "1742"]
[PlyCount "60"]
[EventDate "2008.10.26"]
[EventType "team-tourn"]
[EventRounds "11"]
[EventCountry "HUN"]
[SourceTitle "EXT 2010"]
[Source "ChessBase"]
[SourceDate "2010.11.25"]
[SourceVersion "1"]
[SourceVersionDate "2010.11.25"]
[SourceQuality "1"]
[WhiteTeam "Haladas"]
[BlackTeam "Ajka Banyasz"]
[WhiteTeamCountry "HUN"]
[BlackTeamCountry "HUN"]

1. e4 c5 2. Nf3 d6 3. d4 cxd4 4. Nxd4 Nf6 5. Nc3 a6 6. Be3 Ng4 7. Bc1 Qb6 8. Nd5 Qd8 9. c4 e5 10. Nc2 Nf6 11. Bg5 Nbd7 12. Nce3 h6 13. Bxf6 Nxf6 14. Nxf6+ Qxf6 15. Nd5 Qd8 16. Be2 Qa5+ 17. b4 Qd8 18. Bg4 Be7 19. Qa4+ b5 20. cxb5 Bxg4 21. b6+ Bd7 22. Qa5 0-0 23. Nc7 Rb8 24. Qxa6 Qc8 25. Qxc8 Bxc8 26. Nd5 Bd8 27. a4 Bxb6 28. 0-0 Bd4 29. Ra2 Be6 30. Rb1 f5 0-1

[Event "HUN-chT2 Szechenyi 0708"]
[Site "Hungary"]
[Date "2008.03.30"]
[Round "9"]
[White "Toth, Attila"]
[Black "Vincze, Otto"]
[Result "1/2-1/2"]
[WhiteElo "2120"]
[BlackElo "1989"]
[PlyCount "22"]
[EventDate "2007.10.14"]
[EventType "team"]
[EventRounds "11"]
[EventCountry "HUN"]
[SourceTitle "EXT 2009"]
[Source "ChessBase"]
[SourceDate "2008.11.26"]
[SourceVersion "1"]
[SourceVersionDate "2008.11.26"]
[SourceQuality "1"]
[WhiteTeam "Haladas III"]
[BlackTeam "Ajka Banyasz"]
[WhiteTeamCountry "HUN"]
[BlackTeamCountry "HUN"]

1. e4 c6 2. d4 d5 3. Nd2 dxe4 4. Nxe4 Nd7 5. Nf3 Ngf6 6. Bd3 Nxe4 7. Bxe4 Nf6 8. Qd3 Bg4 9. Ne5 Nxe4 10. Nxg4 Nf6 11. Nxf6+ exf6 1/2-1/2

[Event "HUN-chT2 Szechenyi 0708"]
[Site "Hungary"]
[Date "2008.01.27"]
[Round "5"]
[White "Magyar, Jozsef"]
[Black "Toth, Attila"]
[Result "1-0"]
[WhiteElo "1961"]
[BlackElo "2120"]
[PlyCount "89"]
[EventDate "2007.10.14"]
[EventType "team"]
[EventRounds "11"]
[EventCountry "HUN"]
[SourceTitle "EXT 2009"]
[Source "ChessBase"]
[SourceDate "2008.11.26"]
[SourceVersion "1"]
[SourceVersionDate "2008.11.26"]
[SourceQuality "1"]
[WhiteTeam "Peti MTE"]
[BlackTeam "Haladas III"]
[WhiteTeamCountry "HUN"]
[BlackTeamCountry "HUN"]

1. d4 d5 2. Nf3 Nf6 3. Bf4 e6 4. e3 c5 5. c3 c4 6. Nbd2 Bd6 7. Ne5 Qc7 8. Qa4+ Nbd7 9. Be2 0-0 10. Ndf3 Ne4 11. Qc2 f6 12. Nxd7 Bxd7 13. Bxd6 Nxd6 14. 0-0 Be8 15. Qd1 b5 16. Nd2 a5 17. f4 Bg6 18. Rf3 b4 19. Rh3 Nb5 20. Rc1 Qd6 21. Bf3 bxc3 22. bxc3 Qa3 23. Qe1 f5 24. Rc2 Qd6 25. Qh4 Nxc3 26. Rxc3 Qb4 27. Rc2 c3 28. Nf1 Rfc8 29. Bh5 Qb1 30. Bxg6 hxg6 31. Rxc3 Rxc3 32. Qh8+ Kf7 33. Qxa8 Rc1 34. Rf3 Qxa2 35. Qb7+ Kf6 36. Rf2 Qc4 37. h3 a4 38. g4 fxg4 39. hxg4 Rxf1+ 40. Rxf1 Qe2 41. g5+ Kf5 42. Qf7+ Kg4 43. Rf2 Qxe3 44. Qxg6 Kh3 45. Qh7+ 1-0

[Event "HUN-chT2 Szechenyi 0708"]
[Site "Hungary"]
[Date "2007.10.14"]
[Round "1"]
[White "Toth, Attila"]
[Black "Simai, Laszlo"]
[Result "1-0"]
[WhiteElo "2120"]
[BlackElo "1995"]
[PlyCount "63"]
[EventDate "2007.10.14"]
[EventType "team"]
[EventRounds "11"]
[EventCountry "HUN"]
[SourceTitle "EXT 2009"]
[Source "ChessBase"]
[SourceDate "2008.11.26"]
[SourceVersion "1"]
[SourceVersionDate "2008.11.26"]
[SourceQuality "1"]
[WhiteTeam "Haladas III"]
[BlackTeam "Veszprem"]
[WhiteTeamCountry "HUN"]
[BlackTeamCountry "HUN"]

1. e4 e5 2. Nf3 Nc6 3. Bb5 a6 4. Ba4 Nf6 5. 0-0 Be7 6. Re1 b5 7. Bb3 0-0 8. c3 d5 9. exd5 Nxd5 10. Nxe5 Nxe5 11. Rxe5 Nf6 12. d4 Ng4 13. Re2 Bd6 14. h3 Qh4 15. Qd3 Bd7 16. Nd2 Bh2+ 17. Kf1 Rae8 18. Nf3 Rxe2 19. Qxe2 Qh5 20. hxg4 Bxg4 21. Ke1 Bd6 22. Be3 Re8 23. Kd2 Kf8 24. Qf1 Bxf3 25. gxf3 Qxf3 26. Qh1 Rxe3 27. fxe3 Qf2+ 28. Kd3 Qxb2 29. Qf3 f6 30. Qd5 Ke7 31. Qf7+ Kd8 32. Be6 1-0

[Event "Balazs Diak Cup U18 2nd"]
[Site "Balatonlelle"]
[Date "2006.07.02"]
[Round "2"]
[White "Banusz, Tamas"]
[Black "Toth, Attila"]
[Result "1-0"]
[WhiteElo "2460"]
[BlackElo "2120"]
[PlyCount "67"]
[EventDate "2006.07.01"]
[EventType "swiss"]
[EventRounds "9"]
[EventCountry "HUN"]
[SourceTitle "CBM 113 Extra"]
[Source "ChessBase"]
[SourceDate "2006.09.14"]
[SourceVersion "1"]
[SourceVersionDate "2006.09.14"]
[SourceQuality "1"]

1. Nf3 d5 2. d4 e6 3. c4 dxc4 4. e4 Nf6 5. Nc3 Nbd7 6. Bxc4 Nb6 7. Bd3 Be7 8. 0-0 0-0 9. Qe2 e5 10. dxe5 Nfd7 11. Rd1 Qe8 12. Bf4 c6 13. Bc2 Nc5 14. h3 Be6 15. Nd4 Bc4 16. Qg4 Kh8 17. Nf5 Rg8 18. b3 Be6 19. Qg3 Nbd7 20. Nd6 Qf8 21. Be3 g5 22. Nf5 a5 23. Rd2 Bd8 24. Rad1 Be7 25. Ne2 Re8 26. Ned4 Nb8 27. Nxe7 Qxe7 28. Nf5 Bxf5 29. exf5 Ncd7 30. f6 Qxe5 31. Rxd7 Nxd7 32. Rxd7 Qxg3 33. fxg3 Rxe3 34. Rxf7 1-0

[Event "HUN-chT2 Szechenyi 0506"]
[Site "Hungary"]
[Date "2005.11.13"]
[Round "3"]
[White "Toth, Attila"]
[Black "Gyarmati, Janos"]
[Result "1/2-1/2"]
[WhiteElo "2120"]
[BlackElo "2034"]
[PlyCount "23"]
[EventDate "2005.10.16"]
[EventType "team"]
[EventRounds "11"]
[EventCountry "HUN"]
[SourceTitle "EXT 2009"]
[Source "ChessBase"]
[SourceDate "2008.11.26"]
[SourceVersion "1"]
[SourceVersionDate "2008.11.26"]
[SourceQuality "1"]
[WhiteTeam "HVSE Infraplan II"]
[BlackTeam "Tapolca Varju"]
[WhiteTeamCountry "HUN"]
[BlackTeamCountry "HUN"]

1. e4 d5 2. exd5 Nf6 3. Bc4 Nxd5 4. Qf3 c6 5. Ne2 e6 6. d4 Bd6 7. c3 0-0 8. Nd2 Nd7 9. Ne4 N7f6 10. Bg5 Be7 11. Bxd5 Nxd5 12. Bxe7 1/2-1/2

[Event "HUN-chT2 Szechenyi 0405"]
[Site "Hungary"]
[Date "2005.04.24"]
[Round "11"]
[White "Toth, Attila"]
[Black "Hitter, Gabriela"]
[Result "0-1"]
[WhiteElo "2120"]
[BlackElo "1673"]
[PlyCount "112"]
[EventDate "2004.09.26"]
[EventType "team"]
[EventRounds "11"]
[EventCountry "HUN"]
[SourceTitle "EXT 2009"]
[Source "ChessBase"]
[SourceDate "2008.11.26"]
[SourceVersion "1"]
[SourceVersionDate "2008.11.26"]
[SourceQuality "1"]
[WhiteTeam "Haladas II"]
[BlackTeam "Arboretum"]
[WhiteTeamCountry "HUN"]
[BlackTeamCountry "HUN"]

1. e4 c5 2. Nf3 a6 3. d4 cxd4 4. Nxd4 Nf6 5. Nc3 e5 6. Nf5 d5 7. f3 dxe4 8. Qxd8+ Kxd8 9. fxe4 Nxe4 10. Nxe4 Bxf5 11. Bg5+ Kc8 12. Ng3 Be6 13. Bd3 Nc6 14. a3 Be7 15. Be3 Bh4 16. Bf2 Kc7 17. 0-0 f6 18. Nh5 Bxf2+ 19. Rxf2 Rag8 20. Re1 Bf7 21. Ng3 Rd8 22. Nf5 Rhg8 23. Nh4 Bd5 24. Nf5 h6 25. Ne3 Be6 26. g3 Rd4 27. Ng2 Rgd8 28. Nh4 Bh3 29. Rf3 Na5 30. Be2 Kb8 31. Rc3 Rc8 32. Rxc8+ Kxc8 33. Nf3 Rd6 34. Bd3 g5 35. Nd2 Rb6 36. b3 Nc6 37. Ne4 Nd4 38. Nd2 Rc6 39. Rc1 f5 40. Kf2 e4 41. Bc4 b5 42. Bf7 Rxc2 43. Rxc2+ Nxc2 44. Be6+ Kc7 45. Nxe4 fxe4 46. Bxh3 Kd6 47. a4 bxa4 48. bxa4 a5 49. Ke2 Ke5 50. Kd2 Nd4 51. Kc3 Nf3 52. Bg2 Nxh2 53. Bxe4 Kxe4 54. Kc4 Ke5 55. Kb5 Kd6 56. Kxa5 Kc7 0-1

[Event "HUN-chT2 Szechenyi 0304"]
[Site "Hungary"]
[Date "2003.11.30"]
[Round "4"]
[White "Toth, Attila"]
[Black "Bodorkos, Ferenc"]
[Result "0-1"]
[WhiteElo "1625"]
[BlackElo "1818"]
[PlyCount "106"]
[EventDate "2003.09.28"]
[EventType "team"]
[EventRounds "11"]
[EventCountry "HUN"]
[SourceTitle "EXT 2009"]
[Source "ChessBase"]
[SourceDate "2008.11.26"]
[SourceVersion "1"]
[SourceVersionDate "2008.11.26"]
[SourceQuality "1"]
[WhiteTeam "Haladas II"]
[BlackTeam "Arboretum"]
[WhiteTeamCountry "HUN"]
[BlackTeamCountry "HUN"]

1. e4 e5 2. Nf3 Nc6 3. Bc4 Bc5 4. c3 Nf6 5. d3 0-0 6. b4 Be7 7. 0-0 d5 8. exd5 Nxd5 9. b5 Na5 10. Nxe5 Nb6 11. Bxf7+ Rxf7 12. Nxf7 Kxf7 13. Qf3+ Kg8 14. Bb2 Bf6 15. Nd2 a6 16. bxa6 Rxa6 17. Ne4 Nd5 18. Nxf6+ Rxf6 19. Qg3 Rg6 20. Qf3 Bg4 21. Qg3 Be2 22. Qe5 Bxf1 23. Rxf1 Nc6 24. Qe4 Qd7 25. Re1 Nf6 26. Qc4+ Qf7 27. Qa4 Nd8 28. c4 h6 29. Bxf6 Qxf6 30. Qe8+ Kh7 31. Qe4 Qc6 32. Kf1 Qxe4 33. Rxe4 Re6 34. Ke2 Rxe4+ 35. dxe4 Kg6 36. Ke3 Nc6 37. f4 Kf6 38. g4 g5 39. f5 Ke5 40. a3 Ne7 41. Kd3 Ng8 42. c5 Nf6 43. Kc4 Nxe4 44. c6 Nd6+ 45. Kc5 b6+ 46. Kb4 Kd5 47. Ka4 Kxc6 48. Kb4 Kd5 49. a4 c5+ 50. Kc3 c4 51. Kc2 Kc5 52. Kc3 Ne4+ 53. Kc2 Kb4 0-1